Neue Münchner Bezirke mit Karte - Statistiken

Allgemein
  • Dieses Quiz wurde 96 mal gespielt
  • Das Durchschnittsergebnis liegt bei 5 aus 13
Antworten auf der Karte
Die Antworten werden auf der Karte rot bzw. grün angezeigt, abhängig davon wie oft sie richtig erraten wurden.
 
Antwortstatistiken
Nr. Bezirk % Korrekt
2 Schwabing
79%
9 Pasing
60%
4 Giesing
59%
3 Sendling
55%
1 Mitte
41%
7 Bogenhausen
38%
5 Perlach
34%
6 Trudering
31%
10 Aubing
23%
12 Neuhausen
23%
8 Hadern
20%
11 Menzing
11%
13 Lerchenau
4%
Keine übereinstimmenden Quizze gefunden
Verteilung der Resultate
Anzahl Personen mit jedem Resultat
Perzentil nach korrekt beantworteten Fragen
Ihre Resultats-Entwicklung
Sie haben dieses Quiz noch nicht gespielt